La Provincia de Avalos /

Investigación histórica sobre Sayula, desde la época prehispánica hasta el siglo XX, donde se narran los principales acontecimientos políticos y fenómenos socioculturales de su configuración, así como breves biografías de sus personajes y artistas, que dan cuenta de su riqueza cultural.

Furkejuvvon:
Bibliográfalaš dieđut
Váldodahkki: Munguía Cárdenas, Federico (autor)
Materiálatiipa: Girji
Giella:espánnjágiella
Almmustuhtton: Guadalajara, México : Gobierno del Estado de Jalisco, Secretaría de Cultura, 1998, c1998
Preanttus:3a edición
Ráidu:(Sello Tello. Historia ; 2)
Fáttát:
Fáddágilkorat: Lasit fáddágilkoriid
Eai fáddágilkorat, Lasit vuosttaš fáddágilkora!

MARC

LEADER 00000nam^a2200000^a^4500
001 000148687
005 20250521000000.0
009 20260310100031.576
020 |a 970-624-187-6 
037 |a Acervo ITESO - Biblioteca 
041 |a ESP 
082 |a 972. 35  |b MUN 
100 |a Munguía Cárdenas, Federico  |e (autor) 
240 1 4 |a [La provincia de Avalos] 
245 1 3 |a La Provincia de Avalos /  |c F. Munguía Cárdenas. 
250 |a 3a edición  |b revisada 
264 4 |a Guadalajara, México :  |b Gobierno del Estado de Jalisco, Secretaría de Cultura,  |c 1998, c1998 
300 |a 473 p. 
336 |a texto  |b txt  |2 rdacontenido 
337 |a sin mediación  |b n  |2 rdamedio 
338 |a volumen  |b nc  |2 rdasoporte 
440 1 |a (Sello Tello.  |p Historia ;  |v 2) 
520 |a Investigación histórica sobre Sayula, desde la época prehispánica hasta el siglo XX, donde se narran los principales acontecimientos políticos y fenómenos socioculturales de su configuración, así como breves biografías de sus personajes y artistas, que dan cuenta de su riqueza cultural. 
649 |a XX 
650 |a Artistas Jaliscienses -  |x Biografías 
650 |a Artistas Mexicanos -  |x Biografías 
650 |a Personajes Históricos -  |z Sayula, Jalisco -  |x Biografías 
650 |a Personajes Históricos -  |z México -  |x Biografías 
650 |a Sayula, Jalisco -  |x Historia -  |y Epoca Prehispánica 
650 |a Sayula, Jalisco -  |x Historia -  |y Descubrimiento y Conquista, 1517-1521 
650 |a Sayula, Jalisco -  |x Historia -  |y Virreinato, 1535-1821 
650 |a Sayula, Jalisco -  |x Historia -  |y Guerra de Independencia, 1810-1821 
650 |a Sayula, Jalisco -  |x Historia -  |y Epoca Colonial, 1517-1821 
650 |a Sayula, Jalisco -  |x Historia -  |y Siglo XIX 
650 |a Sayula, Jalisco -  |x Historia -  |y Siglo XX 
650 |a México -  |x Historia -  |y Epoca Prehispánica 
650 |a México -  |x Historia -  |y Descubrimiento y Conquista, 1517-1521 
650 |a México -  |x Historia -  |y Virreinato, 1535-1821 
650 |a México -  |x Historia -  |y Guerra de Independencia, 1810-1821 
650 |a México -  |x Historia -  |y Epoca Colonial, 1517-1821 
650 |a México -  |x Historia -  |y Siglo XIX 
650 |a México -  |x Historia -  |y Siglo XX 
650 |a Sayula, Jalisco -  |x Descripción 
650 |a México -  |x Descripción 
910 |a Fondo General 
920 |a Impresos - Libros 
930 |a Colección General 
905 |a 101 
901 |a 0500078029  |b IT1  |c ACC  |u 20250521 
901 |a 0500078524  |b IT1  |c ACC  |u 20250521 
902 |a https://opac.biblio.iteso.mx/vufind/Record/000148687